000 01103cam a2200325 a 4500
999 _c4938
_d4938
003 ALUPE UNIVERSITY COLLEGE
005 20220331103704.0
008 850118s1984 ie a b 1 1 0 eng|d
020 _a0906783267 (hdb)
_z0906783275(pbk) :
040 _cALUPE UNIVERSITY COLLEGE
049 _aaeu
050 _aTX353
_b.R47
090 0 _aTX 345 I62 1983d
_bAEU
111 2 _n(6th :
_d1983 :
245 1 0 _aFood science and human welfare :
_bProceedings of the Sixth International Congress of Food Science and Technology September 1983, Dublin /
_ceditors, J.V. McLoughlin, B.M. McKenna.
250 _a1st ed.
260 _aDĂșn Laoghaire, Ireland :
_bBoole Press,
_c1984.
300 _avii, 319 p. :
_bill. ;
_c25 cm.
336 _atext
_btxt
_2rdacontent
337 _aunmediated
_bn
_2rdamedia
338 _avolume
_bnc
_2rdacarrier
504 _aIncludes bibliographies and index.
650 0 _aFood
_vCongresses.
650 0 _aNutrition
_vCongresses.
700 1 _aMcLoughlin, J. V.
700 1 _aMcKenna, B. M.
830 0 _vv.4
886 _a083
_d00
_aFood science
942 _2lcc
_cBK
_nPW